The geometry of physics: an introduction

Guardat en:
Dades bibliogràfiques
Autor principal: Frankel, Theodore (Autor)
Format: Llibre
Idioma:anglès
Publicat: Cambridge Cambridge University 2004
Edició:2a. ed
Matèries:
Etiquetes: Afegir etiqueta
Sense etiquetes, Sigues el primer a etiquetar aquest registre!

MARC

LEADER 00000nam a2200000 a 4500
001 UCL8358
003 CL-VaPUC
008 040618e20040000uk |||||||||||||||||eng|d
020 |a 0521539277 
082 0 4 |a 530.15  |b FRA  |2 21 
100 0 |a Frankel, Theodore  |e author  |9 486304 
245 1 4 |a The geometry of physics: an introduction 
250 |a 2a. ed 
300 |a 694 p 
942 |c BK 
945 |d 20040618 00:00:00  |a cmena 
260 |a Cambridge  |b Cambridge University  |c 2004 
650 0 |a Física matemática   |9 260981 
650 0 |a Geometría   |9 264063 
650 0 |a Cálculo vectorial   |9 408406 
650 0 |a Cálculo diferencial   |9 260102 
583 |a last modification  |c 20130806 04:39:57  |k Rodrigo Vera 
999 |c 309698  |d 309696 
952 |0 0  |1 0  |4 0  |6 530_150000000000000_FRA_2004  |7 0  |8 A  |9 377418  |a BIBCUR  |b BIBCUR  |d 2019-11-21  |i 4029623  |l 6  |m 1  |o 530.15 FRA 2004  |p 4029623  |r 2025-04-22  |s 2023-09-20  |w 2019-11-21  |y BK  |k FIS